Memoirs of an architect: biography (Record no. 66996)

MARC details
000 -LEADER
fixed length control field 00263nam a22001097a 4500
005 - DATE AND TIME OF LATEST TRANSACTION
control field 20251013110904.0
008 - FIXED-LENGTH DATA ELEMENTS--GENERAL INFORMATION
fixed length control field 251013b |||||||| |||| 00| 0 eng d
040 ## - CATALOGING SOURCE
Transcribing agency PK-LaNCA
082 ## - DEWEY DECIMAL CLASSIFICATION NUMBER
Classification number 720.92
Item number MEM
245 ## - TITLE STATEMENT
Title Memoirs of an architect: biography
942 ## - ADDED ENTRY ELEMENTS (KOHA)
Koha item type Book
999 ## -
-- 66996
-- 66996
Holdings
Withdrawn status Weedout from Library Permanent Location Current Location Date acquired Full call number Barcode Price effective from Koha item type
    NATIONAL COLLEGE OF ARTS, RAWALPINDI CAMPUS - LIBRARY NATIONAL COLLEGE OF ARTS, RAWALPINDI CAMPUS - LIBRARY 13/10/2025 MEM 720.92 RP007906 RP007906 13/10/2025 Book